Normal view
MARC view
- Asif, Ezza
Entry Personal Name
001 - CONTROL NUMBER
- control field: 120301
003 - CONTROL NUMBER IDENTIFIER
- control field: NUST
005 - DATE AND TIME OF LATEST TRANSACTION
- control field: 20240212162953.0
008 - FIXED-LENGTH DATA ELEMENTS
- fixed length control field: 240212|| aca||aabn | a|a d
040 ## - CATALOGING SOURCE
- Original cataloging agency: NUST
- Transcribing agency: NUST
100 ## - HEADING--PERSONAL NAME
- Personal name: Asif, Ezza
670 ## - SOURCE DATA FOUND
- Source citation: Work cat.: (NUST): Asif, Ezza, Understanding the Complexities of Child Undernutrition: A Multilevel Analysis/
